LIBRARY & INFORMATION CENTRE, KCAET, TAVANUR

ONLINE PUBLIC ACCESS CATALOGUE (OPAC)

Cambridge history of India: vol-1, Ancient India (Record no. 143)

MARC details
000 -LEADER
fixed length control field 00421cam a2200181ua 4500
041 ## - LANGUAGE CODE
Language code of text/sound track or separate title eng
082 ## - DEWEY DECIMAL CLASSIFICATION NUMBER
Classification number 954.01
Item number RAP/CA
100 ## - MAIN ENTRY--AUTHOR NAME
Personal name Rapson, E J .
245 ## - TITLE STATEMENT
Title Cambridge history of India: vol-1, Ancient India
250 ## - EDITION STATEMENT
Edition statement 3 /
260 ## - PUBLICATION, DISTRIBUTION, ETC. (IMPRINT)
Place of publication New Delhi :
Name of publisher S.Chand & CO ,
Year of publication 1968.
300 ## - PHYSICAL DESCRIPTION
Number of Pages ; .
942 ## - ADDED ENTRY ELEMENTS (KOHA)
Koha item type Books
Holdings
Withdrawn status Lost status Damaged status Home library Current library Date acquired Full call number Accession Number Koha item type
Withdrawn   Damaged KAUAET KAUAET 07/04/2012 954.01 12158 Books
free website counter